Good HABITS For Sucess and Happiness (Record no. 204854)

MARC details
000 -LEADER
fixed length control field 00692nam a22002177a 4500
005 - DATE AND TIME OF LATEST TRANSACTION
control field 20240805163957.0
008 - FIXED-LENGTH DATA ELEMENTS--GENERAL INFORMATION
fixed length control field 970904m19271929ii a 001 0aeng
010 ## - LCCN (DPL NO)
LC control number ENG-141233
020 ## - INTERNATIONAL STANDARD BOOK NUMBER
Terms of availability 210.00
035 ## - SYSTEM CONTROL NUMBER
System control number EN-124765
037 ## - SOURCE OF ACQUISITION
Source of stock number/acquisition DBAD
040 ## - CATALOGING SOURCE
Original cataloging agency DPL
082 ## - DEWEY DECIMAL CLASSIFICATION NUMBER
Classification number 158.1
100 ## - MAIN ENTRY--PERSONAL NAME
Personal name Mohan Surinder Sharma
9 (RLIN) 69286
245 ## - TITLE STATEMENT
Title Good HABITS For Sucess and Happiness
Statement of responsibility, etc SURINDER MOHAN SHARMA
Medium English
260 ## - PUBLICATION, DISTRIBUTION, ETC. (IMPRINT)
Place of publication, distribution, etc Amritsar
Name of publisher, distributor, etc Buniyad
Date of publication, distribution, etc 2024
270 ## - ADDRESS
Address 14, Shashrti Nagar, Near Bhaba School, Street No.1,Majitha Road Gopal Nagar, Amritsar
City Amritsar
Postal code 143001
300 ## - PHYSICAL DESCRIPTION
Extent 137p.
Dimensions 21cm.(Pb)
650 ## - SUBJECT ADDED ENTRY--TOPICAL TERM
Topical term or geographic name as entry element Leadership
9 (RLIN) 69287
942 ## - ADDED ENTRY ELEMENTS (KOHA)
Source of classification or shelving scheme Dewey Decimal Classification
Item type English Books
Call number suffix SHA
Classification part 158.1
Holdings
Withdrawn status Lost status Source of classification or shelving scheme Damaged status Not for loan Collection code Home library Current library Date acquired Source of acquisition Cost, normal purchase price Total Checkouts Full call number Barcode Date last seen Copy number Cost, replacement price Koha item type
    Dewey Decimal Classification   Not For Loan Non-fiction D.B.Act.Division D.B.Act.Division 05/08/2024 DBAD 210.00   MOH 158.1 EN-124765 05/08/2024 1 210.00 English Books

© Delhi Public Library
Hit Counter
free hit counter